LEADER 01246nam0 22002891i 450 001 UON00411700 005 20231205104743.400 100 $a20121012d1905 |0itac50 ba 101 $aita 102 $aIT 105 $a|||| ||||| 200 1 $aManualetto provenzale per uso degli alunni delle facoltà di Lettere$eIntroduzione grammaticale, crestomazia e glossario$fVincenzo Crescini 205 $a2. ed. emendata ed accresciuta 210 $aVerona$aPadova$cF.lli Drucker$d1905 215 $aXII, 548 p.$d19 cm. 606 $aLetteratura provenzale$xStudi$3UONC041773$2FI 620 $aIT$dPadova$3UONL000153 620 $aIT$dVerona$3UONL000310 676 $a849$cLetteratura provenzale (Letteratura in lingua d'oc), letteratura franco-provenzale, letteratura catalana$v21 700 1$aCRESCINI$bVincenzo$3UONV165530$0157615 712 $aFratelli Drucker$3UONV279650$4650 801 $aIT$bSOL$c20250613$gRICA 899 $aSIBA - SISTEMA BIBLIOTECARIO DI ATENEO$2UONSI 912 $aUON00411700 950 $aSIBA - SISTEMA BIBLIOTECARIO DI ATENEO$dSI Fil.R I 046 $eSI MR 42274 5 046 $sBuono 996 $aManualetto provenzale$9213381 997 $aUNIOR LEADER 01101nam 2200253la 450 001 9910481898303321 005 20221102155946.0 035 $a(UK-CbPIL)2090319436 035 $a(CKB)5500000000086888 035 $a(EXLCZ)995500000000086888 100 $a20221102d1648 uy | 101 0 $adut 135 $aurcn||||a|bb| 200 10$aDen onvervalschten Italiaensche waersegger: dat is, een oprechte prognosticatie op het schrickel-jaer 1648. Gepractiseert door... Anthonio Magino, Professor Mathematicus der stadt Bolonia,.. 210 $aAmsterdam $c[s.n.]$d1648 215 $aOnline resource (30 p., 16°) 300 $aReproduction of original in Koninklijke Bibliotheek, Nationale bibliotheek van Nederland. 700 $aMagini$b Giovanni Antonio$f1555-1617.$055127 801 0$bUk-CbPIL 801 1$bUk-CbPIL 906 $aBOOK 912 $a9910481898303321 996 $aDen onvervalschten Italiaensche waersegger: dat is, een oprechte prognosticatie op het schrickel-jaer 1648. Gepractiseert door... Anthonio Magino, Professor Mathematicus der stadt Bolonia,.$92118699 997 $aUNINA